00692nam a2200241 a 4500001001300000003000900013005001700022008004100039020001000080082001900090100002700109245002500136260003600161300000900197500003500206505001700241650001600258700002700274902000800301942000700309952011900316999001500435nice12345678IN_TiNIC20260116011732.0050524s1976 newa grp 000 0 eng  ac10000a704.94897bPAP aPapadopoulo, Alexandre aIslam and Muslim Art aNew YorkbHarry N. Abramsc1976 a631p aincludes index and biblioraphy2 aBibliography aArt-Islamic1 aPapadopoulo, Alexandre bRHR cBK 001040708ReferHall-aHMIbHMId2007-06-12g100.00l0o704.94897 PAPp09795r2007-06-12v100.00w2005-05-24yBK c3594d3594